|
|
|
|
| LEADER |
00000nab a2200000 a 4500 |
| 001 |
vtls000007312 |
| 003 |
SK-MaSNL |
| 005 |
20260304172454.0 |
| 008 |
250526c1978 xo 0 slo |
| 015 |
|
|
|a SNBRB19rr/mm-uuuuu
|
| 035 |
|
|
|a CL0017405
|
| 035 |
|
|
|a urn:nbn:sk:snk-ab2693
|
| 035 |
|
|
|a (urnnbn)urn:nbn:sk:snk:ar-a01qpe
|
| 035 |
|
|
|a (uuid)9c62920b-5dc4-4e79-af3d-8a9fec264d36
|
| 040 |
|
|
|a SNKBUCL
|b slo
|c SNKBUCL
|e AACR2
|
| 041 |
0 |
|
|a slo
|
| 044 |
|
|
|a xo
|c SK
|
| 080 |
|
|
|a 634.0.6
|2 1981
|
| 080 |
|
|
|a 634.0.3
|2 1981
|
| 080 |
|
|
|a 061.6
|2 1981
|
| 100 |
1 |
|
|a Kubašák, Emil,
|d 1922-1993
|4 aut
|9 39022
|
| 245 |
1 |
0 |
|a Činnosť technického odboru za uplynulých 5 rokov a v súčasnosti
|c Emil Kubašák
|
| 610 |
|
7 |
|a Výskumný ústav lesného hospodárstva (Zvolen, Slovensko)
|b Technický odbor
|2 snkbucl
|9 1501888
|
| 650 |
0 |
7 |
|a lesníctvo
|2 snkbucl
|9 1255
|
| 655 |
|
7 |
|a články z novín a časopisov
|2 snkbucl
|9 267496
|
| 773 |
0 |
|
|t Les
|g Roč. 34, č. 8 (1978), s. 312-314
|
| 850 |
|
|
|a Slovenská národná knižnica
|
| 852 |
|
|
|a Slovenská národná knižnica
|
| 954 |
|
|
|a odborná, vedecká literatúra pôvodná (slovenská)
|2 lita
|
| 957 |
|
|
|a 5311
|
| 958 |
|
|
|a ONDV
|
| 958 |
|
|
|a article2022
|
| 958 |
|
|
|a RK
|
| 992 |
|
|
|a RBX
|
| 999 |
|
|
|c 2998693
|d 3000623
|